| 000 | 00000cas 2200000zi 4500 |
| 001 | 9.962438 |
| 003 | CaOODSP |
| 005 | 20260514103250 |
| 006 | m o d f |
| 007 | cr ||||||||||| |
| 008 | 260430d19691972qucar p o f0###a0eng|d |
| 040 | |aCaOODSP|beng|erda|cCaOODSP |
| 043 | |an-cn--- |
| 086 | 1 |aRG1-3E-PDF |
| 110 | 1 |aCanadian Consumer Council.|eauthor, |eissuing body. |
| 245 | 10|a... annual report / |cCanadian Consumer Council. |
| 246 | 3 |aCanadian Consumer Council ... annual report |
| 264 | 1|a[Hull, Quebec] : |bCanadian Consumer Council, |c1969-1972. |
| 310 | |aAnnual |
| 336 | |atext|btxt|2rdacontent |
| 337 | |acomputer|bc|2rdamedia |
| 338 | |aonline resource|bcr|2rdacarrier |
| 500 | |aIssued also in French under title: ... rapport annuel. |
| 500 | |aDigitized edition from print [produced by Innovation, Science and Economic Development Canada]. |
| 588 | |aDescription based on: 1969. |
| 588 | |aLatest issue consulted: 1972. |
| 610 | 10|aCanadian Consumer Council |vPeriodicals. |
| 650 | 0|aConsumer protection|zCanada|vPeriodicals. |
| 655 | 7|aPeriodicals|2lcgft |
| 775 | 08|t... rapport annuel / |w(CaOODSP)9.962437 |